Central Library OPAC University of Rajshahi

Essays in divinity / (Record no. 31854)

MARC details
000 -LEADER
fixed length control field 00734nam a2200229 a 4500
001 - CONTROL NUMBER
control field 31854
003 - CONTROL NUMBER IDENTIFIER
rucl marc code BD-RjUL
005 - DATE AND TIME OF LATEST TRANSACTION
control field 20211209051746.0
008 - FIXED-LENGTH DATA ELEMENTS--GENERAL INFORMATION
fixed length control field 140422s1952 enk 000 0 eng d
035 ## - SYSTEM CONTROL NUMBER
System control number (BD-RjUL)31942
040 ## - CATALOGING SOURCE
Original cataloging agency ANL
Language of cataloging eng
Transcribing agency ANL
Modifying agency XNTU
-- BD-RjUL
041 ## - LANGUAGE CODE
Language code of text/sound track or separate title eng
082 04 - DEWEY DECIMAL CLASSIFICATION NUMBER
Edition number 23
Classification number 230.42
Author mark and year DOE 1952
100 1# - MAIN ENTRY--PERSONAL NAME
Personal name Donne, John,
Dates associated with a name 1572-1631.
9 (RLIN) 96956
245 10 - TITLE STATEMENT
Title Essays in divinity /
Statement of responsibility, etc. by John Donne ; edited by Evelyn M. Simpson.
260 ## - PUBLICATION, DISTRIBUTION, ETC. (IMPRINT)
Place of publication, distribution, etc. Oxford :
Name of publisher, distributor, etc. The Clarendon Press,
Date of publication, distribution, etc. 1952 ;
300 ## - PHYSICAL DESCRIPTION
Pagination xxix, 137 p. :
Illustrations facsim. ;
Size 23 cm.
500 ## - GENERAL NOTE
General note With a facsimile of the 1651 title page.
650 #0 - SUBJECT ADDED ENTRY--TOPICAL TERM
Topical term or geographic name as entry element Theology, Doctrinal.
9 (RLIN) 96957
700 1# - ADDED ENTRY--PERSONAL NAME
Personal name Simpson, Evelyn Mary,
Dates associated with a name 1885-1963.
942 ## - ADDED ENTRY ELEMENTS (KOHA)
Source of classification or shelving scheme Dewey Decimal Classification
Koha item type Books
Holdings
Lost status Source of classification or shelving scheme Damaged status Not for loan Permanent Location Current Location Shelving location Date acquired Source of acquisition Cost, normal purchase price Total Checkouts Full call number Date last seen Copy number Koha item type
  Dewey Decimal Classification   Not For Loan Central Library, University of Rajshahi Central Library, University of Rajshahi Reading Room 06/08/1955 O. U. P 7.80   230.42 DOE 1952 22/04/2014 C-1 Books